[Event "Madrid San Viator op-A 30th"]
[Site "Madrid"]
[Date "2018.06.03"]
[Round "8"]
[White "Camarero Izquierdo, Juan Carlos"]
[Black "Linares Leyva, David"]
[Result "1-0"]
[WhiteElo "1946"]
[BlackElo "1756"]
[PlyCount "57"]
[EventDate "2018.04.08"]
[EventType "swiss"]
[EventRounds "9"]
[EventCountry "ESP"]
[SourceTitle "EXT 2019"]
[Source "ChessBase"]
[SourceDate "2018.10.10"]
[SourceVersion "1"]
[SourceVersionDate "2018.10.10"]
[SourceQuality "1"]

1. d4 Nf6 2. Nc3 d5 3. Bg5 e6 4. e4 Be7 5. Bxf6 Bxf6 6. e5 Be7 7. Qg4 0-0 8. 0-0-0 c5 9. dxc5 Nd7 10. f4 Nxc5 11. Nf3 f5 12. Qh3 Ne4 13. Nxe4 fxe4 14. Nd4 Rxf4 15. Be2 Qb6 16. Bg4 e3 17. Bxe6+ Kh8 18. Bxc8 Rxd4 19. Rxd4 Qxd4 20. Qd7 Qc5 21. Bxb7 Rd8 22. Qc6 Qb4 23. Ba6 Qd2+ 24. Kb1 e2 25. Bxe2 Qxe2 26. Qc7 Qxg2 27. Rc1 Qg5 28. Rf1 Qg2 29. Qxd8+ 1-0

[Event "Madrid San Viator op-A 30th"]
[Site "Madrid"]
[Date "2018.04.15"]
[Round "2"]
[White "Linares Leyva, David"]
[Black "Garcia Galeote, Lorenzo"]
[Result "1-0"]
[WhiteElo "1756"]
[BlackElo "1972"]
[PlyCount "121"]
[EventDate "2018.04.08"]
[EventType "swiss"]
[EventRounds "9"]
[EventCountry "ESP"]
[SourceTitle "EXT 2019"]
[Source "ChessBase"]
[SourceDate "2018.10.10"]
[SourceVersion "1"]
[SourceVersionDate "2018.10.10"]
[SourceQuality "1"]

1. Nf3 g6 2. c4 Bg7 3. g3 d6 4. d4 Nc6 5. Bg2 e5 6. dxe5 Nxe5 7. Nxe5 Bxe5 8. 0-0 Ne7 9. Nc3 Bg7 10. c5 dxc5 11. Qxd8+ Kxd8 12. Rd1+ Bd7 13. Bxb7 Rb8 14. Bg2 Kc8 15. Ne4 Bc6 16. Rb1 c4 17. Bg5 Nf5 18. Rdc1 Bxe4 19. Bxe4 Nd6 20. Bd5 Bxb2 21. Rxc4 Nxc4 22. Bxc4 Be5 23. Rxb8+ Kxb8 24. Bxf7 Rf8 25. Bd5 Bd4 26. Bf3 Rf5 27. Bd2 Rb5 28. Bh6 Ra5 29. e3 Bf6 30. Kg2 g5 31. Be4 Rxa2 32. Bxh7 a5 33. Bf8 Rd2 34. h3 a4 35. Kf3 Bb2 36. Bb4 a3 37. Bg8 Rc2 38. h4 c5 39. Bxa3 Bxa3 40. hxg5 Kc7 41. g4 Bb4 42. g6 Bc3 43. Bb3 Rb2 44. Bc4 Kd6 45. Kg3 Ke7 46. f4 Kf6 47. Bf7 Rc2 48. g5+ Kg7 49. Kf3 Rd2 50. e4 Rd3+ 51. Kg4 Rd7 52. Kf3 Bd4 53. e5 Rc7 54. Ke4 Re7 55. e6 Bb2 56. f5 Bf6 57. gxf6+ Kxf6 58. Kd5 Rc7 59. Kd6 c4 60. Kxc7 c3 61. e7 1-0

[Event "Madrid San Viator op-A 28th"]
[Site "Madrid"]
[Date "2017.04.09"]
[Round "3"]
[White "Lopez Guitian, Juan J"]
[Black "Linares Leyva, David"]
[Result "0-1"]
[WhiteElo "1589"]
[BlackElo "1810"]
[PlyCount "134"]
[EventDate "2017.03.26"]
[EventType "swiss"]
[EventRounds "9"]
[EventCountry "ESP"]
[SourceTitle "EXT 2018"]
[Source "ChessBase"]
[SourceDate "2017.10.13"]
[SourceVersion "1"]
[SourceVersionDate "2017.10.13"]
[SourceQuality "1"]

1. Nf3 Nf6 2. c4 c5 3. Nc3 e6 4. e4 d6 5. Bd3 Nc6 6. a3 Be7 7. Bc2 a6 8. 0-0 0-0 9. h3 Nd4 10. Nxd4 cxd4 11. Ne2 e5 12. d3 Ne8 13. f4 f5 14. fxe5 dxe5 15. exf5 Rxf5 16. Ng3 Rxf1+ 17. Qxf1 Be6 18. Bd2 Bg5 19. Ne4 Bxd2 20. Nxd2 Nd6 21. Re1 Nf5 22. Bb1 Ne3 23. Qf3 Qe7 24. Nf1 Rf8 25. Qg3 Rxf1+ 26. Rxf1 Nxf1 27. Kxf1 Qf6+ 28. Ke2 Bd7 29. Ba2 Be6 30. Bb1 Kf7 31. Bc2 Ke7 32. Qf3 Qxf3+ 33. Kxf3 Bf5 34. g4 Bg6 35. b4 b6 36. a4 a5 37. bxa5 bxa5 38. h4 h6 39. h5 Bh7 40. Kg3 Kd6 41. Kf3 Kc5 42. Ke2 Kb4 43. Kd2 Bg8 44. Bd1 Be6 45. Kc2 Kxa4 46. Kb2+ Kb4 47. Be2 Bd7 48. Bf3 Ba4 49. Bd5 Bd1 50. Be6 Be2 51. Bf5 a4 52. Ka2 Bd1 53. Kb2 Bb3 54. Be4 a3+ 55. Ka1 Ba4 56. Bf5 Bc6 57. Ka2 Be8 58. Be4 Bd7 59. Bf3 Kc3 60. Be4 Bxg4 61. c5 Kb4 62. c6 Bc8 63. Bg6 Be6+ 64. Ka1 Kc5 65. Be8 Kd6 66. Kb1 Kc7 67. Ka1 Bd5 0-1

[Event "Madrid San Viator op 25th"]
[Site "Madrid"]
[Date "2015.11.15"]
[Round "8"]
[White "Blanco Diez, David"]
[Black "Linares Leyva, David"]
[Result "1/2-1/2"]
[WhiteElo "1719"]
[BlackElo "1773"]
[PlyCount "96"]
[EventDate "2015.10.04"]
[EventType "swiss"]
[EventRounds "9"]
[EventCountry "ESP"]
[SourceTitle "CBM 169 Extra"]
[Source "ChessBase"]
[SourceDate "2015.12.18"]
[SourceVersion "1"]
[SourceVersionDate "2015.12.18"]
[SourceQuality "1"]

1. d4 Nf6 2. c4 c5 3. d5 b5 4. cxb5 a6 5. bxa6 g6 6. Nc3 Bxa6 7. g3 d6 8. Nf3 Bg7 9. Bg2 Nbd7 10. Rb1 0-0 11. 0-0 Qa5 12. Bd2 Rfb8 13. Qc2 Ng4 14. b3 Nge5 15. Nxe5 Nxe5 16. a4 Qb6 17. Rfe1 Ra7 18. h3 Rab7 19. Kh2 Qc7 20. f4 Nd7 21. e4 c4 22. b4 Ra7 23. b5 Bc8 24. b6 Rxb6 25. Nb5 Rxb5 26. axb5 Nb6 27. Bc3 Qc5 28. Bxg7 Kxg7 29. Qc3+ f6 30. Qe3 Qxe3 31. Rxe3 Ra2 32. Rc3 Bd7 33. Kg1 Ra5 34. Bf1 Bxb5 35. Rb4 f5 36. Bxc4 Nxc4 37. Rcxc4 Bxc4 38. Rxc4 Kf6 39. exf5 Rxd5 40. fxg6 hxg6 41. Kf2 Rd3 42. Re4 e6 43. Re3 Rd2+ 44. Re2 Rd1 45. Kf3 Kf5 46. g4+ Kf6 47. Re3 Rf1+ 48. Kg3 Rd1 1/2-1/2

[Event "Madrid San Viator op 25th"]
[Site "Madrid"]
[Date "2015.10.25"]
[Round "5"]
[White "Linares Leyva, David"]
[Black "Guillo Longares, Cecilia"]
[Result "1/2-1/2"]
[WhiteElo "1773"]
[BlackElo "1809"]
[PlyCount "113"]
[EventDate "2015.10.04"]
[EventType "swiss"]
[EventRounds "9"]
[EventCountry "ESP"]
[SourceTitle "CBM 169 Extra"]
[Source "ChessBase"]
[SourceDate "2015.12.18"]
[SourceVersion "1"]
[SourceVersionDate "2015.12.18"]
[SourceQuality "1"]

1. Nf3 Nf6 2. c4 c5 3. g3 g6 4. Bg2 Bg7 5. 0-0 d6 6. d4 Nbd7 7. Nc3 0-0 8. e4 cxd4 9. Nxd4 Ne5 10. b3 Bd7 11. h3 Nc6 12. Be3 Qc7 13. Kh2 Qd8 14. Rc1 Rc8 15. Qd2 Re8 16. Rfd1 Nxd4 17. Bxd4 Qc7 18. Qe3 b6 19. e5 Nh5 20. Nd5 Qb8 21. exd6 exd6 22. Qc3 Be6 23. Bxg7 Bxd5 24. Bxd5 Nxg7 25. Qf6 Qc7 26. Re1 Re5 27. f4 Ree8 28. Kg2 Nf5 29. Kf3 Ng7 30. g4 Rxe1 31. Rxe1 Re8 32. Re4 Rxe4 33. Kxe4 Qd7 34. Kf3 Ne8 35. Qg5 Nc7 36. f5 Nxd5 37. cxd5 Qe8 38. f6 Qf8 39. Qe3 Qa8 40. Qd2 Qd8 41. Qf4 Qc7 42. Qe3 Qc8 43. Kg3 h6 44. Kh4 Qd8 45. Qe7 Qb8 46. Kg3 a6 47. Kf4 b5 48. Ke4 a5 49. Qd7 Kf8 50. Kd3 Kg8 51. Kc2 Kf8 52. Kb2 Kg8 53. Ka3 Kf8 54. h4 Kg8 55. Kb2 Kf8 56. h5 g5 57. Kb1 1/2-1/2

[Event "Madrid San Viator op 22nd"]
[Site "Madrid"]
[Date "2014.06.01"]
[Round "9"]
[White "Estebanez Cuesta, Alfredo"]
[Black "Linares Leyva, David"]
[Result "0-1"]
[WhiteElo "1578"]
[BlackElo "1838"]
[PlyCount "51"]
[EventDate "2014.03.23"]
[EventType "swiss"]
[EventRounds "9"]
[EventCountry "ESP"]
[SourceTitle "EXT 2015"]
[Source "ChessBase"]
[SourceDate "2014.11.20"]
[SourceVersion "1"]
[SourceVersionDate "2014.11.20"]
[SourceQuality "1"]

1. d4 Nf6 2. c4 c5 3. d5 b5 4. e3 b4 5. Nf3 d6 6. Bd3 g6 7. b3 Bg7 8. Bb2 0-0 9. Nbd2 e5 10. dxe6 fxe6 11. 0-0 Bb7 12. Qc2 Nc6 13. Rad1 Qe7 14. Rfe1 Rae8 15. Ne4 Ne5 16. Nxe5 Bxe4 17. Bxe4 dxe5 18. Bxe5 Ng4 19. Bd6 Qh4 20. Bg3 Qf6 21. Rd7 Rd8 22. Rxd8 Qxd8 23. h3 Ne5 24. f4 Nf7 25. Bf2 Qf6 26. g4 0-1

[Event "Collado Villalba op 30th"]
[Site "Collado Villalba"]
[Date "2013.08.28"]
[Round "6"]
[White "Linares Leyva, David"]
[Black "Fernandez Gil, Ruben Carlos"]
[Result "0-1"]
[WhiteElo "1852"]
[BlackElo "2046"]
[PlyCount "58"]
[EventDate "2013.08.23"]
[EventType "swiss"]
[EventRounds "9"]
[EventCountry "ESP"]
[SourceTitle "CBM 156 Extra"]
[Source "ChessBase"]
[SourceDate "2013.10.22"]
[SourceVersion "1"]
[SourceVersionDate "2013.10.22"]
[SourceQuality "1"]

1. d4 Nf6 2. c4 c5 3. e3 e6 4. Nf3 b6 5. Nbd2 Bb7 6. b3 Be7 7. Bb2 d6 8. Be2 Nbd7 9. 0-0 0-0 10. Qc2 a6 11. Rac1 Rb8 12. Rfd1 b5 13. e4 cxd4 14. Nxd4 e5 15. Nf5 Nc5 16. f3 b4 17. Nf1 g6 18. N5e3 Qb6 19. Kh1 Nh5 20. Nd5 Bxd5 21. cxd5 Bg5 22. Nd2 Bxd2 23. Qxd2 Rfc8 24. Rc4 a5 25. Rdc1 f6 26. R1c2 Qd8 27. g3 Qd7 28. f4 Qh3 29. Bxh5 Qf1# 0-1

[Event "Madrid San Viator op 20th"]
[Site "Madrid"]
[Date "2013.04.21"]
[Round "3"]
[White "Renteria Becerra, Jorge Elicer"]
[Black "Linares Leyva, David"]
[Result "1-0"]
[WhiteElo "2300"]
[BlackElo "1904"]
[PlyCount "31"]
[EventDate "2013.04.07"]
[EventType "swiss"]
[EventRounds "9"]
[EventCountry "ESP"]
[SourceTitle "EXT 2014"]
[Source "ChessBase"]
[SourceDate "2013.11.20"]
[SourceVersion "1"]
[SourceVersionDate "2013.11.20"]
[SourceQuality "1"]

1. e4 c5 2. Nf3 d6 3. d4 cxd4 4. Nxd4 Nf6 5. Nc3 g6 6. Be3 Bg7 7. f3 a6 8. Qd2 Nbd7 9. 0-0-0 b5 10. g4 Bb7 11. g5 Nh5 12. Kb1 Rc8 13. Bh3 Rc4 14. Nd5 Ne5 15. f4 Nd7 16. Bxd7+ 1-0

[Event "Madrid San Viator op 20th"]
[Site "Madrid"]
[Date "2013.04.07"]
[Round "1"]
[White "Hidalgo Prado, David"]
[Black "Linares Leyva, David"]
[Result "0-1"]
[WhiteElo "1397"]
[BlackElo "1904"]
[PlyCount "60"]
[EventDate "2013.04.07"]
[EventType "swiss"]
[EventRounds "9"]
[EventCountry "ESP"]
[SourceTitle "EXT 2014"]
[Source "ChessBase"]
[SourceDate "2013.11.20"]
[SourceVersion "1"]
[SourceVersionDate "2013.11.20"]
[SourceQuality "1"]

1. e4 c5 2. Nf3 d6 3. c3 Nf6 4. d3 g6 5. Be3 Bg7 6. h3 Nbd7 7. Nbd2 0-0 8. Qc2 b5 9. Be2 Bb7 10. 0-0 b4 11. cxb4 cxb4 12. Rac1 Rc8 13. Qb1 Nb6 14. b3 Nfd7 15. Bd4 Bxd4 16. Nxd4 d5 17. Rxc8 Qxc8 18. Rc1 Qb8 19. Nc6 Qd6 20. Na5 Ba8 21. Bf3 Qf4 22. Rc2 e6 23. Qe1 Ne5 24. exd5 exd5 25. Qe2 Qd4 26. Kf1 Nxd3 27. Nc6 Qa1+ 28. Qd1 Qf6 29. Nxa7 Re8 30. Bxd5 Re1+ 0-1